000 00577nam a2200217Ia 4500
003 OSt
005 20220924143038.0
006 a|||||r|||| 00| 0
007 ta
008 220923b |||||||| |||| 00| 0 ori d
024 _a304503
037 _cTextual
040 _aARTS
_cARTS
_bORI
041 _2ORI
_aORI
082 _aV2y7M64, 1591L5
100 _aPattanayak Kabichandra Kalicharan
_9214667
245 0 _aKumbhara chaka
260 _c1975
942 _hV2y7M64, 1591L5
_cTEXL
_2CC
999 _c453002
_d453002